000 00645nam a22001697a 4500
003 UA-OsUOA
001 16570
007 ta
008 20040114b un ||||| |||| 00| 0 ukr d
942 _cSA
040 _aUA-OsUOA
_cUA-OsUOA
_dUA-OsUOA
245 _aЗаслужений лікар України Олена Качан , [керівник Центру лікування складних розладів серцевого ритму та ендоваскулярної хірургії ]
300 _aС.1
955 _a0
773 0 _w0
_tМедичний вісник
_dРівне
_d2003
_g№24/ 20 черв./
650 7 _aКачан О.
_2UDC
999 _c302735
_d302735